| 000 | 00359nam a22001577a 4500 | ||
|---|---|---|---|
| 003 | SGT | ||
| 020 | _a978-81-8191-391-3 | ||
| 082 |
_a617.96 _bA13S |
||
| 100 | _aSANEESH, P.J. | ||
| 245 | _aTB. OF ANESTHESIA FOR TECHNICIANS | ||
| 250 | _a1ST | ||
| 260 |
_aINDIA _bPARAS MEDICAL PUB _c2013 |
||
| 300 | _a372 | ||
| 650 | _aANESTHESIA | ||
| 942 |
_2ddc _cBK _05 |
||
| 999 |
_c18471 _d18471 |
||